000 00507 a2200169 4500
020 _a0792390482
040 _aDLC
_bDLC
082 0 0 _a003/.54
100 1 _aGray, Robert M.,
245 1 0 _aSource coding theory
_c Robert M. Gray
260 _aBoston :
_bKluwer Academic Publishers,
_cc1990.
300 _axii, 188 p. ;
_c24 cm.
440 4 _aThe Kluwer international series in engineering and computer science.
650 0 _aCoding theory.
650 0 _aRate distortion theory.
942 _cBK
_k003.54 GRA
_2ddc
999 _c4941
_d4941